000 01345cam a2200361 a 4500
003 CHAP
005 20220329142801.0
008 030919s1999 ne a r 10000 eng d
010 _a87714
011 _a88686
020 _a0792359534
035 _a99231
040 _cCHAP
082 0 0 _a547.29
_bS9
111 2 _aSymposium on lactic acid bacteria: genetics, metabolism and applications
_n(6 :
_d1999 :
_cS9Veldhoven, the Netherlands)
_9111033
245 1 0 _aProceedings of the sixth symposium on lactic acid bacteria :
_bgenetics, metabolism and applications
_c/ed. by W.N. Konings, O.P. Kuipers and J.H.J. Huis in't Veld
260 _aDordrecht, Nl :
_bKluwer Academic Publishers,
_c1999.
300 _a411 p. ;
_bilus.
590 _aBATCH-UPD
_b10
_c20130110
_lUCH01
_h0620
590 _aBATCH-UPD
_b10
_c20130410
_lUCH01
_h0303
590 _aBATCH-UPD
_b10
_c20130913
_lUCH01
_h1907
590 _aCONVERSION
_b10
_c20130109
_lUCH01
_h1349
650 1 4 _aAcido láctico.
_9592
650 1 4 _aBacterias acidolácticas.
_99323
650 1 4 _aLeche
_xFermentación.
_965374
700 0 _aHuis in't Veld
_eed.
_956825
700 0 _aKonings, W.N.
_eed.
_963693
700 0 _aKuioers, O.P.
_eed.
_964048
901 _aBK
905 _aMayto Villalobos Santana
942 _cLIBRO
949 _a547.29 S9
_bBC
_cLIBRO
_d33724002077751
_eLIBRO
_h103685
_i99231
_sb
999 _c87714
_d87714